Inverse Eigenvalue problems : theory, algorithms, and applications

Αποθηκεύτηκε σε:
Λεπτομέρειες βιβλιογραφικής εγγραφής
Κύριος συγγραφέας: Chu, Moody Ten-Chao
Άλλοι συγγραφείς: Golub, Gene Howard 1932-
Μορφή: Βιβλίο
Γλώσσα:English
Δημοσίευση: Oxford ; New York : Oxford University Press, 2005
Σειρά:Numerical mathematics and scientific computation
Θέματα:
Ετικέτες: Προσθήκη ετικέτας
Δεν υπάρχουν, Καταχωρήστε ετικέτα πρώτοι!

MARC

LEADER 00000nam a2200000 i 4500
001 1/51273
008 070808s2005 eng d
020 |a 0-19-856664-6 
035 |l 10089677 
040 |a GR-MY-UA  |b gre  |e aacr 
041 0 |a eng 
082 0 |a 512.9436  |2 (22) 
100 1 |a Chu, Moody Ten-Chao. 
245 1 0 |a Inverse Eigenvalue problems :  |b theory, algorithms, and applications /  |c Moody T. Chu and Gene H. Golub 
260 |a Oxford ; New York :   |b Oxford University Press,   |c 2005 
300 |a xvii, 387 σ.;  |b εικ.;  |c 24 εκ. 
490 1 |a Numerical mathematics and scientific computation 
504 |a Περιλαμβάνει βιβλιογραφικές παραπομπές (σ. 359-380) και ευρετήριο. 
650 0 0 |a Eigenvalues. 
700 1 |a Golub, Gene Howard  |d 1932- 
830 0 |a Numerical mathematics and scientific computation 
852 |a INST  |b SAMOS  |e 20070808  |h 512.9436 CHU  |p 005300025532  |q 005300025532  |t BK  |y 0 
901 |a BIBL3-2007-2 
909 |a Σ  |b 136793 
922 |a 3ΕΛΗ  |b 200707  |c ΕΠΕΑΕΚ2/ΤΜΗΜΑ ΜΑΘΗΜΑΤΙΚΩΝ  |d ΕΛΕΥΘΕΡΟΥΔΑΚΗΣ 
970 |a ΣΙΤΖΙΜΗ  |b ΓΙΑΣΕΜΗ  |z 2007/08/08